00920nam a2200253Ia 450000500170000000800410001702000190005810000250007724500950010225000400019730000420023749000160027965000520029565000520034765000380039965000340043770000280047126400330049933600270053233700330055933800280059204000350062008400110065520220317001207.0160825s2008 ck g 000 0 spa  a978958300770121 aLozano, Pilard1951-13aLa estrella que le perdió el miedo a la nochecPilar Lozano ; ilustraciones Olga Cuellar a1a. edición b10a. reimpresión  a34 páginas bilustraciones c23 cm  aOA Infantil142LEMBaCuentos infantiles colombianos ySiglo XX142LEMBaLiteratura infantil colombiana ySiglo XX142LEMBaEstrellla en la literatura 142LEMBaNoche en la literatura 1 aCuéllar Serrano, Olga aBogotábPanamericanac2008 atextobtxt2rdacontent asin mediaciónbn2rdamedia avolumenbnc2rdacarrier aCO-BoRNBPbspaerdacCO-BoRNBP aC LOZ1